Bayern Monachium vs Norwich City (1993) - Statystyki

Ogólne statystyki
  • Ten quiz został rozwiązany 2 razy
  • Średni wynik to 2 z 27
Statystyki odpowiedzi
Team Odpowiedź % Poprawnych
Bayern München Lothar Matthäus
100%
Bayern München Adolfo Valencia
50%
Bayern München Bruno Labbadia
0%
Norwich City Bryan Gunn
0%
Norwich City Chris Sutton
0%
Bayern München Christian Nerlinger
0%
Bayern München Christian Ziege
0%
Norwich City Daryl Sutch
0%
Bayern München Erich Ribbeck
0%
Norwich City Ian Butterworth
0%
Norwich City Ian Crook
0%
Norwich City Ian Culverhouse
0%
Bayern München Jan Wouters
0%
Norwich City Jeremy Goss
0%
Bayern München Jorginho
0%
Bayern München Marcel Witeczek
0%
Norwich City Mark Bowen
0%
Norwich City Mark Robins
0%
Bayern München Mehmet Scholl
0%
Bayern München Michael Sternkopf
0%
Norwich City Mike Walker
0%
Bayern München Oliver Kreuzer
0%
Bayern München Raimond Aumann
0%
Norwich City Rob Newman
0%
Norwich City Ruel Fox
0%
Norwich City Spencer Prior
0%
Bayern München Thomas Helmer
0%
Nie znaleziono quizów pasujących do podanych kryteriów
Rozkład punktacji
Procent ludzi z każdym wynikiem
Percentyl według liczby udzielonych odpowiedzi
Twoja historia wyników
Nie rozwiązałeś tego quizu